000 00425nam a2200169Ia 4500
005 20250508161810.0
008 008 250505s9999 xx 000 0 hin d
037 _aTextual
040 _aFEDL
_beng
_cFEDL
041 _ahin
_2eng
084 _aFH, JAI
_qFEDL
100 _aJain Gyan Chandra
_9179474
245 0 _aMahabharat ki katha
300 _a49p
942 _cTEXL
_hFH, JAI
999 _c1372273
_d1372273